000 00297nam a22001337a 4500
008 180919b xxu||||| |||| 00| 0 eng d
020 _a9780849901720
041 _aeng
080 _a321
100 _a22
101 _aPOL
245 _aThe Politics Of Disaster
_cOlasky.M
942 _2udc
_cBK
999 _c47983
_d47983